| 000 | nam a22 7a 4500 | ||
|---|---|---|---|
| 999 |
_c127466 _d127466 |
||
| 008 | 180124b xxu||||| |||| 00| 0 eng d | ||
| 020 | _a1923053021008 | ||
| 050 | _aQA76.9.H85 G639 | ||
| 100 |
_aGonsalves, Tad _938798 |
||
| 245 |
_aArtificial Intelligence _ba non-technical introduction _cTad Gonsalves |
||
| 260 |
_bSophia University Press _c2017 |
||
| 300 |
_axii, 209p. ; _c22cm. |
||
| 650 |
_aHuman _xComputer interaction _938800 |
||
| 942 |
_2lcc _cMONOGRAPH |
||